Secretaría de Ambiente y Desarrollo Sustentable de Argentina: (Registro nro. 16514)

Detalles MARC
000 -CABECERA
Campo de control 006770000a22002050004500
005 - FECHA Y HORA DE LA ULTIMA TRANSACCION
Campo de control 20180803170104.0
008 - ELEMENTOS DE LONGITUD FIJA—INFORMACION GENERAL
Campo de control 170206b xxu||||| |||| 00| 0 spa d
040 ## - FUENTE DE CATALOGACIÓN
Agencia catalogadora original CO-BoIAVH
Agencia transcriptora CO-BoIAVH
041 ## - IDIOMA
Código de idioma para texto/pista de sonido o título separado Español
090 ## - CLASIFICACIÓN LOCAL
Colección MM
Consecutivo 00138
110 1# - ASIENTO PRINCIPAL--NOMBRE CORPORATIVO
Language of a work Argentina
Nombre corporativo o de jurisdicción como elemento de entrada Secretaría de Ambiente y Desarrollo Sustentable
245 10 - MENCION DE TITULO
Título Secretaría de Ambiente y Desarrollo Sustentable de Argentina:
Parte restante del título estructura organizativa, programas, legislación
257 ## - PAIS DE LA ENTIDAD PRODUCTORA DE FILMES DE ARCHIVO
País de la entidad productora Argentina
264 ## - Producción, Publicación, Distribución, Fabricación y Aviso de copyright
Lugar de producción, publicación, etc Argentina
300 ## - DESCRIPCION FISICA
Otros detalles físicos CD-ROM
Extensión 1
650 14 - ASIENTO SECUNDARIO DE MATERIA - TERMINO TEMATICO
Término temático o nombre geográfico como elemento de entrada Organizaciones gubernamentales
650 14 - ASIENTO SECUNDARIO DE MATERIA - TERMINO TEMATICO
Término temático o nombre geográfico como elemento de entrada Proyectos ambientales
650 14 - ASIENTO SECUNDARIO DE MATERIA - TERMINO TEMATICO
Término temático o nombre geográfico como elemento de entrada Política ambiental
942 ## - ELEMENTOS ADICIONALES (KOHA)
Tipo de ítem CD-ROM
Sistema de clasificación Local
Existencias
Withdrawn status Lost status Sistema de Clasificación Damaged status No para préstamo Colección Ubicación Permanente Ubicación actual Fecha de adquisición Total Checkouts Número topográfico Inventario / Código de Barras Date last seen Ejemplar Price effective from Forma de adquisición Tipo de material
    Local     Audiovisual Bogotá Bogotá 03/05/2004   MM-00138 018339 25/03/2015 Ej. 1 25/03/2015 Donación CD-ROM